[Event "XVII Navalmoral Open"]
[Site "Navalmoral de la Mata ESP"]
[Date "2011.12.03"]
[Round "1"]
[White "Teske,H"]
[Black "Encinas Encinas,A"]
[Result "1-0"]
[WhiteTitle "GM"]
[WhiteElo "2538"]
[BlackElo "2059"]
[WhiteFideId "4611500"]
[BlackFideId "2230402"]
[EventDate "2011.12.03"]

1. e4 c5 2. Nf3 d6 3. d4 cxd4 4. Nxd4 Nf6 5. f3 e5 6. Nb3 Be6 7. c4 Qc7 8. Be3
Nbd7 9. Nc3 Nb6 10. Nd5 Nfxd5 11. cxd5 Bd7 12. Rc1 Qd8 13. Na5 Rb8 14. Be2 Be7
15. O-O O-O 16. Qd2 f5 17. Nc6 bxc6 18. dxc6 Rc8 19. cxd7 Qxd7 20. exf5 Qxf5 21.
Ba6 Rxc1 22. Rxc1 e4 23. fxe4 Qxe4 24. b3 Kh8 25. Re1 Qd5 26. Qxd5 Nxd5 27. Bxa7
Ra8 28. Bb7 Rxa7 29. Bxd5 g6 30. b4 Bf6 31. Re4 Rc7 32. a4 Re7 33. Rf4 Bg5 34.
Rc4 Re5 35. Bf3 d5 36. Rc8+ Kg7 37. a5 Bd2 38. a6 Re1+ 39. Kf2 Ra1 40. b5 Be1+
41. Ke2 1-0

[Event "XVII Navalmoral Open"]
[Site "Navalmoral de la Mata ESP"]
[Date "2011.12.03"]
[Round "1"]
[White "Esteban Romo,F"]
[Black "Del Rio de Angelis,S"]
[Result "0-1"]
[BlackTitle "GM"]
[WhiteElo "2057"]
[BlackElo "2534"]
[WhiteFideId "2205661"]
[BlackFideId "2203138"]
[EventDate "2011.12.03"]

1. Nf3 d6 2. c4 e5 3. Nc3 f5 4. d3 Nf6 5. g3 g6 6. Bg2 Bg7 7. O-O O-O 8. Rb1 Nh5
9. Qc2 f4 10. b4 Bg4 11. b5 Nd7 12. Ba3 Nc5 13. Bxc5 dxc5 14. Nd2 Rb8 15. Nde4
b6 16. Nd5 Rf7 17. a4 Bf8 18. a5 Ng7 19. axb6 axb6 20. Qb2 Ne6 21. h3 Bf5 22. g4
Bxe4 23. Bxe4 Qh4 24. Kg2 Bg7 25. Qa2 f3+ 26. Bxf3 e4 27. dxe4 Bd4 28. e3 Ng5 0-1

[Event "XVII Navalmoral Open"]
[Site "Navalmoral de la Mata ESP"]
[Date "2011.12.04"]
[Round "2"]
[White "Fedorchuk,S"]
[Black "Larino Nieto,D"]
[Result "1-0"]
[WhiteTitle "GM"]
[BlackTitle "IM"]
[WhiteElo "2632"]
[BlackElo "2458"]
[WhiteFideId "14102536"]
[BlackFideId "2256444"]
[EventDate "2011.12.03"]

1. e4 e6 2. d4 d5 3. Nd2 c5 4. exd5 Qxd5 5. dxc5 Bxc5 6. Ngf3 Nf6 7. Bc4 Qf5 8.
Bd3 Qh5 9. Qe2 Nc6 10. Ne4 Nxe4 11. Bxe4 Bd6 12. Bd2 Bd7 13. O-O-O Rd8 14. Bc3
Bf4+ 15. Kb1 O-O 16. g4 Qh3 17. Rd3 Bc8 18. Ng1 Qh4 19. Rh3 Qe7 20. Bxh7+ Kh8
21. Bd3+ Kg8 22. Bh7+ Kh8 23. g5 Bxg5 24. Bg6+ Kg8 25. Rh8+ 1-0

[Event "XVII Navalmoral Open"]
[Site "Navalmoral de la Mata ESP"]
[Date "2011.12.04"]
[Round "2"]
[White "Perez Mitjans,O"]
[Black "Korneev,O"]
[Result "1/2-1/2"]
[WhiteTitle "IM"]
[BlackTitle "GM"]
[WhiteElo "2457"]
[BlackElo "2608"]
[WhiteFideId "3502856"]
[BlackFideId "4156803"]
[EventDate "2011.12.03"]

1. e4 e5 2. Nc3 Nc6 3. g3 Bc5 4. Bg2 d6 5. d3 a6 6. Nge2 Nge7 7. O-O O-O 8. Nd5
Nxd5 9. exd5 Ne7 10. d4 exd4 11. Nxd4 Nf5 12. Nb3 Bb6 13. Qd3 Qf6 14. Bd2 Bd7
15. c4 Rfe8 16. Bc3 Qg6 17. Rae1 Nh4 18. Qxg6 Nxg6 19. Bd4 Bxd4 20. Nxd4 Ne5 21.
b3 b5 22. f4 Nd3 1/2-1/2

[Event "XVII Navalmoral Open"]
[Site "Navalmoral de la Mata ESP"]
[Date "2011.12.04"]
[Round "2"]
[White "Peralta,Fe"]
[Black "Lalic,B"]
[Result "1/2-1/2"]
[WhiteTitle "GM"]
[BlackTitle "GM"]
[WhiteElo "2590"]
[BlackElo "2454"]
[WhiteFideId "105309"]
[BlackFideId "409081"]
[EventDate "2011.12.03"]

1. d4 Nf6 2. c4 e6 3. Nc3 Bb4 4. e3 c5 5. Ne2 cxd4 6. exd4 O-O 7. a3 Be7 8. Nf4
d6 9. Be2 e5 10. Nfd5 Nxd5 11. Nxd5 Nc6 12. dxe5 dxe5 13. O-O Be6 14. Be3 Bg5
15. Qb3 Bxe3 16. fxe3 b6 17. Rad1 Qg5 18. Kh1 1/2-1/2

[Event "XVII Navalmoral Open"]
[Site "Navalmoral de la Mata ESP"]
[Date "2011.12.04"]
[Round "2"]
[White "Komljenovic,D"]
[Black "Shanava,K"]
[Result "0-1"]
[WhiteTitle "GM"]
[BlackTitle "GM"]
[WhiteElo "2451"]
[BlackElo "2576"]
[WhiteFideId "14500132"]
[BlackFideId "13601784"]
[EventDate "2011.12.03"]

1. d4 g6 2. c4 Bg7 3. e4 c5 4. d5 d6 5. Nc3 Nf6 6. f4 O-O 7. Nf3 e6 8. Be2 exd5
9. cxd5 Re8 10. Nd2 c4 11. a4 Na6 12. O-O Nc5 13. Bf3 Bd7 14. e5 dxe5 15. fxe5
Rxe5 16. Nxc4 Re8 17. Bg5 Bf5 18. b4 Nd3 19. Nb5 Nxb4 20. d6 Rc8 21. Qb3 Nd3 22.
Rfd1 Nc5 23. Qa3 h6 24. Nxa7 hxg5 25. Nxc8 Bxc8 26. Qxc5 g4 27. Bxb7 Bxb7 28.
Qc7 Ba6 29. Rac1 Nd7 30. Qxd8 Rxd8 31. Na5 Bh6 32. Rc7 Ne5 33. Nc6 Nxc6 34. Rxc6
Be2 35. Re1 Bd3 36. a5 Bd2 37. Re5 Bf4 38. Re1 Bxd6 39. Rd1 Be5 40. Kf2 Bd4+ 41.
Kg3 Bb5 42. Rcc1 Kg7 43. Rb1 Be2 44. Rdc1 f5 45. Rc6 Kh6 46. a6 Kg5 47. h4+ gxh3
48. gxh3 f4+ 49. Kh2 f3 50. Re6 Kf5 51. Re7 Be5+ 52. Kg1 Bxa6 53. Rf7+ Ke4 54.
Re1+ Be2 55. Kf2 Rd3 56. h4 Bd4+ 57. Kg3 f2+ 0-1

[Event "XVII Navalmoral Open"]
[Site "Navalmoral de la Mata ESP"]
[Date "2011.12.04"]
[Round "2"]
[White "Pogorelov,R"]
[Black "Teske,H"]
[Result "0-1"]
[WhiteTitle "GM"]
[BlackTitle "GM"]
[WhiteElo "2412"]
[BlackElo "2538"]
[WhiteFideId "14100363"]
[BlackFideId "4611500"]
[EventDate "2011.12.03"]

1. Nf3 Nf6 2. c4 g6 3. Nc3 Bg7 4. e4 c5 5. d4 cxd4 6. Nxd4 O-O 7. Be2 Nc6 8. Be3
b6 9. O-O Bb7 10. f3 e6 11. Ndb5 d5 12. cxd5 exd5 13. exd5 Ne7 14. d6 Nf5 15.
Bf2 Ne8 16. Qb3 Nexd6 17. Rad1 Qf6 18. Nxd6 Nxd6 19. Nd5 Bxd5 20. Rxd5 Rfe8 21.
Ba6 Nf5 22. Rd7 Re7 23. Rfd1 Rae8 24. Rxe7 Qxe7 25. Re1 Qxe1+ 26. Bxe1 Rxe1+ 27.
Kf2 Rb1 28. Qd3 Bd4+ 29. Ke2 Rxb2+ 30. Ke1 Rxg2 31. Bc8 Ne3 32. h4 Rxa2 33. h5
Bc5 34. Qd8+ Kg7 35. h6+ Kxh6 36. Qh4+ Kg7 37. Qe4 Bb4+ 0-1

[Event "XVII Navalmoral Open"]
[Site "Navalmoral de la Mata ESP"]
[Date "2011.12.04"]
[Round "2"]
[White "Del Rio de Angelis,S"]
[Black "Garcia Ortega Mendez,J"]
[Result "1/2-1/2"]
[WhiteTitle "GM"]
[BlackTitle "FM"]
[WhiteElo "2534"]
[BlackElo "2357"]
[WhiteFideId "2203138"]
[BlackFideId "2280361"]
[EventDate "2011.12.03"]

1. d4 Nf6 2. c4 e6 3. Nc3 d5 4. Bg5 Be7 5. Nf3 h6 6. Bh4 O-O 7. e3 Nbd7 8. Qc2
dxc4 9. Bxc4 a6 10. O-O-O b5 11. Be2 Bb7 12. Bxf6 Nxf6 13. Ne5 Qc8 14. Bf3 c5
15. d5 exd5 16. Nxd5 Nxd5 17. Bxd5 Bxd5 18. Rxd5 Qe6 19. Rhd1 Rfd8 20. Nd7 Qc6
21. Qf5 c4 22. Ne5 Qe6 23. Qxe6 fxe6 24. Rd7 Rxd7 25. Rxd7 Bc5 26. Kd2 Ra7 27.
Rd8+ Kh7 28. g4 g5 29. f4 Kg7 30. Ke2 Rc7 31. Re8 gxf4 32. exf4 Bd4 33. Rxe6
Bxb2 34. Kd2 Bxe5 35. fxe5 Kf7 36. Rxa6 Rc5 37. a4 Rd5+ 38. Kc1 bxa4 39. Rxa4
Rxe5 40. Rxc4 Re1+ 41. Kd2 Rh1 42. Rf4+ Kg6 1/2-1/2

[Event "XVII Navalmoral Open"]
[Site "Navalmoral de la Mata ESP"]
[Date "2011.12.04"]
[Round "3"]
[White "Shanava,K"]
[Black "Koziak,V"]
[Result "1/2-1/2"]
[WhiteTitle "GM"]
[BlackTitle "IM"]
[WhiteElo "2576"]
[BlackElo "2494"]
[WhiteFideId "13601784"]
[BlackFideId "14102234"]
[EventDate "2011.12.03"]

1. e4 e5 2. Nf3 Nc6 3. Bc4 Nf6 4. d3 h6 5. O-O d6 6. Re1 Na5 7. h3 g6 8. Bb5+ c6
9. Ba4 b5 10. Bb3 Bg7 11. d4 Qc7 12. dxe5 dxe5 13. Bd2 Nxb3 14. axb3 O-O 15. Qc1
Kh7 16. Ba5 Qe7 17. Qe3 Bb7 18. Bc3 Nh5 19. Rxa7 c5 20. Rxa8 Rxa8 21. Rd1 b4 22.
Be1 f5 23. Nbd2 Nf4 24. h4 Ra6 25. g3 Nh5 26. Qe2 Re6 27. Ra1 Bc6 28. Ra6 Nf6
29. exf5 gxf5 30. Nc4 e4 31. Nfe5 Bd5 32. Rxe6 Qxe6 33. Bd2 Nd7 34. Nxd7 Qxd7
35. Be3 Bd4 36. Qh5 Qe6 37. Nd2 Bxe3 38. fxe3 Qe5 39. Kf2 Kg7 40. Qe2 Qxb2 41.
Nc4 Bxc4 42. Qxc4 Qc3 43. Qe2 Kf6 44. Kg2 Ke5 45. Kf2 Qb2 1/2-1/2

[Event "XVII Navalmoral Open"]
[Site "Navalmoral de la Mata ESP"]
[Date "2011.12.04"]
[Round "3"]
[White "Teske,H"]
[Black "Villegas,P"]
[Result "1-0"]
[WhiteTitle "GM"]
[WhiteElo "2538"]
[BlackElo "2249"]
[WhiteFideId "4611500"]
[BlackFideId "654183"]
[EventDate "2011.12.03"]

1. Nf3 Nf6 2. c4 c6 3. Nc3 d5 4. e3 g6 5. d4 Bg7 6. h3 O-O 7. Be2 e6 8. O-O b6
9. b4 Nbd7 10. a4 a5 11. bxa5 Rxa5 12. Qb3 Re8 13. Bd2 Ra7 14. Rfb1 Ne4 15. Be1
Nd6 16. cxd5 exd5 17. Ra2 Kh8 18. Bf1 f5 19. Qb4 Re6 20. Ne2 g5 21. Ne5 Nxe5 22.
dxe5 Bxe5 23. Nd4 Nc4 24. Nxe6 Bxe6 25. Bc3 Qf6 26. Bxe5 Qxe5 27. Bxc4 dxc4 28.
Qxb6 Rg7 29. Qxc6 g4 30. hxg4 Rxg4 31. Rd2 c3 32. Rd4 1-0

[Event "XVII Navalmoral Open"]
[Site "Navalmoral de la Mata ESP"]
[Date "2011.12.04"]
[Round "3"]
[White "Asis Gargatagli,H"]
[Black "Peralta,Fe"]
[Result "1/2-1/2"]
[WhiteTitle "IM"]
[BlackTitle "GM"]
[WhiteElo "2444"]
[BlackElo "2590"]
[WhiteFideId "2260735"]
[BlackFideId "105309"]
[EventDate "2011.12.03"]

1. e4 d6 2. d4 Nf6 3. Nc3 g6 4. f4 Bg7 5. Nf3 O-O 6. Be3 Nbd7 7. Qd2 c5 8. O-O-O
Ng4 9. Bg1 cxd4 10. Nxd4 e5 11. Nde2 exf4 12. Nxf4 Qa5 13. Bd4 Ndf6 14. h3 Ne5
15. Kb1 b6 16. Bd3 Bb7 17. Rhe1 Rfd8 18. Qf2 Rac8 19. Rf1 Re8 20. g4 h6 21. Nfd5
Bxd5 22. Nxd5 Re6 23. Bxe5 dxe5 24. h4 Qc5 25. Qf3 Rf8 26. c3 Nxd5 27. exd5 e4
28. Bxe4 Rf6 29. Qd3 Rxf1 30. Rxf1 Re8 31. Rxf7 Kxf7 32. Bxg6+ Kg8 33. Bxe8 Qg1+
34. Kc2 Qg2+ 35. Kb3 Qxg4 36. h5 1/2-1/2

[Event "XVII Navalmoral Open"]
[Site "Navalmoral de la Mata ESP"]
[Date "2011.12.04"]
[Round "3"]
[White "Gongora Montes,B"]
[Black "Del Rio de Angelis,S"]
[Result "0-1"]
[WhiteTitle "IM"]
[BlackTitle "GM"]
[WhiteElo "2217"]
[BlackElo "2534"]
[WhiteFideId "5102987"]
[BlackFideId "2203138"]
[EventDate "2011.12.03"]

1. e4 e6 2. d3 d5 3. Nd2 Nf6 4. Ngf3 Be7 5. g3 O-O 6. Bg2 b6 7. e5 Nfd7 8. O-O
f6 9. exf6 Bxf6 10. Re1 e5 11. c4 c6 12. Nf1 Na6 13. Ne3 Bb7 14. Ng4 Qc7 15.
Nxf6+ Rxf6 16. Bg5 Rf7 17. Bh3 Re8 18. Bxd7 Rxd7 19. Bf4 dxc4 20. Nxe5 Rde7 21.
Re3 Qc8 22. Nxc4 Rxe3 23. fxe3 Qe6 24. Nd6 Re7 25. Qb3 Nc5 26. Qxe6+ Nxe6 27.
Nxb7 Rxb7 28. Rc1 c5 29. b4 cxb4 30. d4 Kf7 31. Kf2 Ke7 32. Be5 Ng5 33. Bxg7 Ke6
34. Be5 Ne4+ 35. Kf3 Nc3 36. e4 Nxa2 37. Rc6+ Kd7 38. Rh6 Ke8 39. d5 b3 40. d6
Nb4 41. Ke2 a5 42. Re6+ Kf7 43. Rf6+ Ke8 44. Bb2 a4 45. e5 Rd7 46. Rf4 a3 47.
Rxb4 axb2 48. Rxb3 Kf7 49. Rxb2 Ke6 50. Rb5 Ra7 51. Kf3 Ra4 52. g4 h5 53. gxh5
Rh4 54. Kg3 Rxh5 55. h4 Rh8 56. Kg4 Rg8+ 57. Kf4 Rh8 58. Rxb6 Rxh4+ 59. Kg5 Re4
60. Rb5 Re1 61. Kg6 Rg1+ 62. Kh7 Rh1+ 63. Kg8 Rg1+ 64. Kf8 Rh1 65. Ra5 Rh2 66.
Rc5 Rh1 67. Kg7 Rg1+ 68. Kh6 Rd1 69. Kg5 Rf1 70. Kg4 Rf8 71. Kg3 Rf5 72. Rb5 Rf1
73. Ra5 Rf7 74. Kg4 Rf5 75. Rb5 Rf7 76. Rc5 Rf1 77. Kg3 Rf5 78. Kh4 Rf4+ 79. Kg5
Rf5+ 80. Kg6 Rf1 81. Kg7 Rf7+ 82. Kg8 Rf5 83. Rb5 Rg5+ 0-1

[Event "XVII Navalmoral Open"]
[Site "Navalmoral de la Mata ESP"]
[Date "2011.12.05"]
[Round "4"]
[White "Fedorchuk,S"]
[Black "Perez Candelario,Man"]
[Result "1-0"]
[WhiteTitle "GM"]
[BlackTitle "GM"]
[WhiteElo "2632"]
[BlackElo "2558"]
[WhiteFideId "14102536"]
[BlackFideId "2210622"]
[EventDate "2011.12.03"]

1. e4 e5 2. Nf3 Nc6 3. Bb5 a6 4. Ba4 Nf6 5. O-O Be7 6. Re1 b5 7. Bb3 d6 8. c3
O-O 9. h3 Nb8 10. d4 Nbd7 11. Nbd2 Bb7 12. Bc2 Re8 13. a4 Bf8 14. Bd3 c6 15. b4
Qc7 16. Nb3 Nb6 17. axb5 cxb5 18. Bg5 Nfd7 19. Na5 Rac8 20. Rc1 Ba8 21. c4 bxc4
22. Nxc4 exd4 23. Nxd4 d5 24. Nxb6 Qxb6 25. Rxc8 Rxc8 26. e5 Qxb4 27. Bf5 Rc4
28. e6 fxe6 29. Bxe6+ Kh8 30. Nf3 Qd6 31. Bxd7 Qxd7 32. Ne5 Qc8 33. Nxc4 dxc4
34. Be7 Qc6 35. Qg4 Kg8 36. Bxf8 Kxf8 37. Re6 Qc7 38. Qf5+ Qf7 39. Qc5+ 1-0

[Event "XVII Navalmoral Open"]
[Site "Navalmoral de la Mata ESP"]
[Date "2011.12.05"]
[Round "4"]
[White "Del Rio de Angelis,S"]
[Black "Teske,H"]
[Result "1/2-1/2"]
[WhiteTitle "GM"]
[BlackTitle "GM"]
[WhiteElo "2534"]
[BlackElo "2538"]
[WhiteFideId "2203138"]
[BlackFideId "4611500"]
[EventDate "2011.12.03"]

1. d4 Nf6 2. c4 e6 3. Nc3 Bb4 4. e3 c5 5. Ne2 Ne4 6. Bd2 Nxd2 7. Qxd2 cxd4 8.
exd4 b6 9. g3 Bb7 10. d5 O-O 11. Bg2 e5 12. O-O d6 13. Rac1 Nd7 14. a3 Bxc3 15.
Rxc3 Qc7 16. Re1 1/2-1/2

[Event "XVII Navalmoral Open"]
[Site "Navalmoral de la Mata ESP"]
[Date "2011.12.05"]
[Round "4"]
[White "Khamrakulov,I"]
[Black "Shanava,K"]
[Result "1/2-1/2"]
[WhiteTitle "GM"]
[BlackTitle "GM"]
[WhiteElo "2518"]
[BlackElo "2576"]
[WhiteFideId "14200295"]
[BlackFideId "13601784"]
[EventDate "2011.12.03"]

1. e4 g6 2. d4 Bg7 3. Nc3 c6 4. Bc4 d6 5. Qf3 e6 6. Nge2 Nd7 7. O-O Ngf6 8. Bg5
O-O 9. Rad1 Qe7 10. h3 h6 11. Bh4 e5 12. a4 exd4 13. Nxd4 Ne5 14. Qe2 g5 15. Bg3
Nxc4 16. Qxc4 Nxe4 17. Nxe4 Qxe4 18. Bxd6 Re8 19. Qb4 c5 20. Bxc5 a5 21. Qd2 Qd5
22. Ba3 Bd7 23. Nb5 Qxd2 24. Rxd2 Bxb5 25. axb5 Re5 26. c4 Rc8 27. f4 gxf4 28.
Rxf4 Re1+ 29. Kf2 Rc1 30. c5 Bf8 31. Rg4+ Kh7 32. Rd7 Rc2+ 33. Kg3 h5 34. Rxf7+
Kh6 35. Rf6+ Kh7 36. Rg5 Be7 37. Rxh5+ Kg7 38. Rb6 Rg8 39. Re5 Bd8 40. Rxb7+
Kf6+ 41. Kf4 Rgxg2 42. Re3 Rc4+ 43. Kf3 Rh2 44. Kg3 Rcc2 45. c6 Kf5 46. Rf7+ Kg6
47. Rf8 Bb6 48. Rc3 Rce2 49. Rg8+ Kh7 50. Rc8 Bd4 51. c7 Bxc3 52. bxc3 Rhg2+ 53.
Kf3 Rgf2+ 54. Kg3 1/2-1/2

[Event "XVII Navalmoral Open"]
[Site "Navalmoral de la Mata ESP"]
[Date "2011.12.05"]
[Round "4"]
[White "Perez Mitjans,O"]
[Black "Sanikidze,T"]
[Result "1/2-1/2"]
[WhiteTitle "IM"]
[BlackTitle "GM"]
[WhiteElo "2457"]
[BlackElo "2531"]
[WhiteFideId "3502856"]
[BlackFideId "13602608"]
[EventDate "2011.12.03"]

1. e4 c5 2. Nf3 e6 3. d3 Nc6 4. g3 d5 5. Nbd2 b6 6. Bg2 dxe4 7. Nxe4 Bb7 8. O-O
Be7 9. b3 Nf6 10. Bb2 Nxe4 11. dxe4 O-O 12. Nd2 Qc7 13. Qg4 Nd4 14. c3 Nc6 15.
f4 Rad8 16. Qe2 Rd7 17. e5 Qc8 18. g4 Ba6 19. c4 Nd4 20. Bxd4 Rxd4 21. f5 Rfd8
22. Ne4 Bf8 23. Qf2 Bb7 24. Rae1 Qd7 25. Kh1 Bxe4 26. Bxe4 g6 27. Qf4 Bg7 28. h4
exf5 29. gxf5 gxf5 30. Qxf5 Qxf5 31. Rxf5 Rd1 32. Rxd1 Rxd1+ 33. Kg2 Re1 34. Bd5 1/2-1/2

[Event "XVII Navalmoral Open"]
[Site "Navalmoral de la Mata ESP"]
[Date "2011.12.05"]
[Round "4"]
[White "Pogorelov,R"]
[Black "Korneev,O"]
[Result "0-1"]
[WhiteTitle "GM"]
[BlackTitle "GM"]
[WhiteElo "2412"]
[BlackElo "2608"]
[WhiteFideId "14100363"]
[BlackFideId "4156803"]
[EventDate "2011.12.03"]

1. Nf3 c5 2. c4 Nc6 3. d4 cxd4 4. Nxd4 Nf6 5. Nc3 e6 6. a3 Bc5 7. Nb3 Be7 8. e4
O-O 9. Be2 b6 10. O-O Bb7 11. Be3 Rc8 12. f4 d6 13. Bf3 Qc7 14. Re1 Qb8 15. Qe2
Rfe8 16. g4 Nd7 17. g5 Bf8 18. Bg2 Nc5 19. Nd2 d5 20. exd5 exd5 21. Nxd5 Nd4 22.
Qg4 Bxd5 23. Bxd4 Bxg2 0-1

[Event "XVII Navalmoral Open"]
[Site "Navalmoral de la Mata ESP"]
[Date "2011.12.05"]
[Round "4"]
[White "Fier,A"]
[Black "Palencia,W"]
[Result "1/2-1/2"]
[WhiteTitle "GM"]
[BlackTitle "IM"]
[WhiteElo "2573"]
[BlackElo "2311"]
[WhiteFideId "2107139"]
[BlackFideId "4401859"]
[EventDate "2011.12.03"]

1. d4 c6 2. c4 d5 3. Nf3 Nf6 4. Nc3 dxc4 5. a4 Bf5 6. Ne5 e6 7. f3 c5 8. e4 Bg6
9. Be3 cxd4 10. Qxd4 Qxd4 11. Bxd4 Bb4 12. g4 Nc6 13. Nxc6 bxc6 14. Bxc4 Rg8 15.
Ke2 Nd7 16. Rhg1 Ke7 17. a5 f6 18. Nd1 Bf7 19. Ne3 Rgb8 20. Nc2 e5 21. Bxf7 exd4
22. Bc4 Ne5 23. Bd3 c5 24. f4 c4 25. fxe5 cxd3+ 26. Kxd3 fxe5 27. Rab1 Bxa5 28.
b4 Bc7 29. Rgf1 Bd6 30. Na3 Rxb4 31. Rxb4 Bxb4 32. Nc4 Bd6 33. Ra1 a5 34. Rxa5
Rxa5 35. Nxa5 Bc7 36. Nc4 Kf6 37. h4 Ke6 38. Nd2 h6 39. Nf3 g6 40. h5 gxh5 41.
gxh5 Bd8 42. Kc4 Bf6 43. Kd3 Bd8 44. Kc4 Ba5 45. Kd3 Bd8 1/2-1/2

[Event "XVII Navalmoral Open"]
[Site "Navalmoral de la Mata ESP"]
[Date "2011.12.05"]
[Round "4"]
[White "Guliyev,N"]
[Black "Cabezas Ayala,I"]
[Result "1-0"]
[WhiteTitle "GM"]
[BlackTitle "FM"]
[WhiteElo "2549"]
[BlackElo "2300"]
[WhiteFideId "13400363"]
[BlackFideId "2207710"]
[EventDate "2011.12.03"]

1. e4 e5 2. Nf3 Nc6 3. Bb5 Nf6 4. Nc3 Bb4 5. O-O O-O 6. d3 d6 7. Bg5 Bxc3 8.
bxc3 Bd7 9. Rb1 a6 10. Ba4 Rb8 11. d4 h6 12. Bxf6 gxf6 13. Bxc6 Bxc6 14. Nh4 Kh7
15. d5 Bd7 16. f4 f5 17. Nxf5 Bxf5 18. exf5 exf4 19. Qd4 Qg5 20. Rxf4 Rfe8 21.
Rg4 Qe3+ 22. Qxe3 Rxe3 23. Rc4 Re2 24. Rxc7 Kg7 25. Rbxb7 Rxb7 26. Rxb7 Rxc2 27.
Rb6 a5 28. Rxd6 Rxc3 29. Rc6 Ra3 30. Rc2 Rd3 31. Rc5 Ra3 32. d6 Rd3 33. Rxa5
Rxd6 34. Kf2 Rd2+ 35. Kf3 Kf6 36. h4 h5 37. g4 hxg4+ 38. Kxg4 Rd4+ 39. Kh5 Rc4
40. a4 Rd4 41. Ra7 Rf4 42. a5 Rxf5+ 43. Kh6 Rc5 44. Ra6+ Kf5 45. Kg7 Kg4 46.
Kxf7 Kxh4 47. Ra8 Kg5 48. Ke7 Kh6 49. a6 Kg7 50. Rd8 Re5+ 51. Kd6 Ra5 52. Rd7+
Kf6 53. a7 Ra1 54. Rb7 1-0

[Event "XVII Navalmoral Open"]
[Site "Navalmoral de la Mata ESP"]
[Date "2011.12.05"]
[Round "5"]
[White "Teske,H"]
[Black "Peralta,Fe"]
[Result "1/2-1/2"]
[WhiteTitle "GM"]
[BlackTitle "GM"]
[WhiteElo "2538"]
[BlackElo "2590"]
[WhiteFideId "4611500"]
[BlackFideId "105309"]
[EventDate "2011.12.03"]

1. Nf3 d5 2. d4 Nf6 3. c4 e6 4. Nc3 Bb4 5. Bg5 Nbd7 6. e3 c5 7. cxd5 exd5 8.
dxc5 Qa5 9. Rc1 Bxc3+ 10. bxc3 O-O 11. Bxf6 Nxf6 12. Qb3 Be6 13. Nd4 Ne4 14. Be2 1/2-1/2

[Event "XVII Navalmoral Open"]
[Site "Navalmoral de la Mata ESP"]
[Date "2011.12.05"]
[Round "5"]
[White "Korneev,O"]
[Black "Del Rio de Angelis,S"]
[Result "1/2-1/2"]
[WhiteTitle "GM"]
[BlackTitle "GM"]
[WhiteElo "2608"]
[BlackElo "2534"]
[WhiteFideId "4156803"]
[BlackFideId "2203138"]
[EventDate "2011.12.03"]

1. e4 e6 2. d4 d5 3. Nd2 c5 4. exd5 exd5 5. Ngf3 Nc6 6. Bb5 cxd4 7. Nxd4 Qe7+ 8.
Qe2 Qxe2+ 9. Nxe2 a6 10. Ba4 Nf6 11. O-O Bd6 12. Nd4 Bd7 13. Re1+ Kd8 14. Nxc6+
Bxc6 15. Bb3 Kc7 16. Nf3 Rhe8 17. Be3 Ng4 18. Bd4 f6 19. Rad1 Rab8 20. Bc3 Bc5
21. Nd4 Bxd4 22. Bxd4 Ne5 23. f3 Nc4 24. Bc3 Rxe1+ 25. Rxe1 Re8 26. Rd1 b5 27.
Kf2 Bb7 28. g4 Kc6 29. h4 Bc8 30. h5 Re7 31. Rh1 f5 32. g5 Bd7 33. a4 Be8 34.
axb5+ axb5 35. h6 gxh6 36. Rxh6+ Bg6 37. Rh1 Re8 38. Ra1 Kb7 39. Kg3 Re2 40. Kf4
Rf2 41. Kg3 Re2 42. Kf4 Rf2 43. Re1 Bh5 44. Re7+ Kc6 45. Bxc4 Rxf3+ 46. Ke5 Re3+
47. Kf6 Rxe7 48. Kxe7 dxc4 49. Kf6 f4 50. Ke5 f3 51. Be1 Kc5 52. Bf2+ Kb4 53.
Kd4 Bg6 54. Be1+ Ka4 55. Kc3 Bf7 56. Bg3 b4+ 57. Kd2 Bg6 58. Be1 Kb5 59. Bf2 Kc6
60. c3 bxc3+ 61. bxc3 1/2-1/2

[Event "XVII Navalmoral Open"]
[Site "Navalmoral de la Mata ESP"]
[Date "2011.12.05"]
[Round "5"]
[White "Shanava,K"]
[Black "Perez Mitjans,O"]
[Result "1-0"]
[WhiteTitle "GM"]
[BlackTitle "IM"]
[WhiteElo "2576"]
[BlackElo "2457"]
[WhiteFideId "13601784"]
[BlackFideId "3502856"]
[EventDate "2011.12.03"]

1. e4 c5 2. Nf3 Nc6 3. d4 cxd4 4. Nxd4 g6 5. Nc3 Bg7 6. Be3 d6 7. Qd2 Nf6 8. f3
O-O 9. O-O-O d5 10. Nxc6 bxc6 11. Bh6 Bxh6 12. Qxh6 Qc7 13. h4 dxe4 14. h5 Nxh5
15. Kb1 Qe5 16. Nxe4 Qg7 17. Qg5 Rb8 18. b3 Bf5 19. Rxh5 Bxe4 20. Rh4 Rfd8 21.
Rc1 Bf5 22. Bc4 Qf6 23. Qxf6 exf6 24. Bf1 g5 25. Rc4 Rd6 26. Kb2 h5 27. Rc5 Bg6
28. Re1 h4 29. a4 Rbd8 30. Kc1 Kg7 31. a5 f5 32. Bd3 Kf6 33. Ree5 g4 34. Bxf5
gxf3 35. Bh3 Rd1+ 36. Kb2 R8d5 37. Rexd5 cxd5 38. gxf3 Rh1 39. Bg2 Rg1 40. Bh3
Rg3 41. Bf1 Rxf3 42. Bg2 Be4 43. Rc6+ Kg5 44. Bxf3 Bxf3 45. Rc7 Kg6 46. Rxa7 h3
47. Re7 h2 48. Re1 d4 49. b4 h1=Q 50. Rxh1 Bxh1 51. b5 Bb7 52. a6 Bc8 53. Kb3 f5
54. Kc4 f4 55. Kxd4 Kf5 56. c4 Kg4 57. c5 f3 58. a7 Bb7 59. c6 Bxc6 60. bxc6 f2
61. c7 f1=Q 62. c8=Q+ Kg5 63. Qg8+ Kh6 64. Qe6+ Kg7 65. Qg4+ Kh7 66. Qh4+ Kg7
67. Qg3+ Kf6 68. a8=Q Qd1+ 69. Qd3 Qg1+ 70. Qe3 Qd1+ 71. Kc3 1-0

[Event "XVII Navalmoral Open"]
[Site "Navalmoral de la Mata ESP"]
[Date "2011.12.05"]
[Round "5"]
[White "Perez Candelario,Man"]
[Black "Khamrakulov,I"]
[Result "1/2-1/2"]
[WhiteTitle "GM"]
[BlackTitle "GM"]
[WhiteElo "2558"]
[BlackElo "2518"]
[WhiteFideId "2210622"]
[BlackFideId "14200295"]
[EventDate "2011.12.03"]

1. e4 c5 2. Nf3 e6 3. d4 cxd4 4. Nxd4 Qc7 5. Nb5 Qe5 6. Be3 a6 7. f4 Qxe4 8.
Nc7+ Kd8 9. Qe2 Bc5 10. Nxe6+ dxe6 11. Bxc5 Qxe2+ 12. Bxe2 Nd7 13. Bd4 Ngf6 14.
Nc3 b6 15. Bf3 Rb8 16. O-O Bb7 17. Be5 Nxe5 18. fxe5 Ne8 19. Rad1+ Ke7 20. Rd4
Bxf3 21. Rxf3 Nc7 22. Rg4 1/2-1/2